Využitie adsorpcie v biokatalytickej produkcii 2-fenyletanolu

Enregistré dans:
Détails bibliographiques
Auteur principal: Šimko, Ivan, 1986- (Auteur)
Autres auteurs: Polakovič, Milan, 1960- (Directeur de thèse)
Format: Manuscrit Livre
Langue:slovaque
Sujets:
Accès en ligne:http://is.stuba.sk/zp/portal_zp.pl?podrobnosti=82497
Tags: Ajouter un tag
Pas de tags, Soyez le premier à ajouter un tag!

MARC

LEADER 00000ntm a22000003a 4500
001 stuzp23234
003 SK-STU
005 20150617230330.0
007 ta
008 150427s2015----xo-----f-mn---000-0-slo-d
040 |a STU  |b slo 
041 0 |a slo 
100 1 |a Šimko, Ivan,  |d 1986-  |u 046230  |4 aut  |U FCHPT Ústav chemického a environmentálneho inžinierstva  |T FCHPT Oddelenie chemického a biochemického inžinierstva  |X 26498  |U C6230  |Y 119  |7 A000026498 
242 0 1 |a Application of Adsorption in the Biocatalytic Production of 2-phenylethanol  |y eng 
245 1 0 |a Využitie adsorpcie v biokatalytickej produkcii 2-fenyletanolu 
650 4 |a 2-fenyletanol  |2 slo 
650 4 |a adsorpcia  |2 slo 
650 4 |a izoterma  |2 slo 
650 4 |a kompetícia  |2 slo 
650 4 |a 2-phenylethanol  |2 eng 
650 4 |a adsorption  |2 eng 
650 4 |a isotherm  |2 eng 
650 4 |a competition  |2 eng 
700 1 |a Polakovič, Milan,  |d 1960-  |4 ths  |X 3882  |7 A000003882 
856 4 |u http://is.stuba.sk/zp/portal_zp.pl?podrobnosti=82497 
SQL |a stuzp23234  |b DDZ  |c SLO  |d Využitie adsorpcie v biokatalytickej produkcii 2-fenyletanolu  |e 26498  |f Šimko, Ivan  |g 046230  |h 3882  |i Polakovič, Milan  |j 20140827  |k 136  |l 04  |m http://is.stuba.sk/zp/portal_zp.pl?podrobnosti=82497